| 000 | 00497nam a2200181Ia 4500 | ||
|---|---|---|---|
| 999 |
_c34097 _d34097 |
||
| 003 | OSt | ||
| 005 | 20200904112728.0 | ||
| 008 | 190216s9999||||xx |||||||||||||| ||und|| | ||
| 020 | _a0333936809 | ||
| 040 | _coclc | ||
| 082 |
_a530.12 _bGHA/B |
||
| 100 |
_aGhatak, Ajoy _94428 |
||
| 245 | 0 |
_aBasic Quantum Mechanics / _cAjoy Ghatak |
|
| 260 |
_bMacmillan India, _aDelhi: _c2002. |
||
| 300 | _a306p | ||
| 650 | _aPhysics | ||
| 942 |
_cBK _2ddc _h530.12 _iGHA/B _k530.12 _mGHA/B |
||